| 000 | 00750nam a2200205 i 4500 | ||
|---|---|---|---|
| 001 | 146346 | ||
| 003 | ES-MaACL | ||
| 005 | 20230906201513.0 | ||
| 007 | t| | ||
| 008 | 070907s1958 sp ||||1| spa d | ||
| 080 | _a946.732 C. | ||
| 100 | 1 |
_aTraver Tomás, Vicente. _9111246 |
|
| 245 | 1 | 0 |
_aAntigüedades de Castellón de la Plana _b: estudios histörico-monográficos de la villa..., riqueza y monumentos / _cpor Vicente Traver Tomás. |
| 260 |
_aCastellón : _bAyuntamiento, _c1958. |
||
| 300 |
_a10 h., 486 p. : _bil. ; _c24 cm. |
||
| 650 | 1 | 4 |
_aArte- _zCastellón de la Plana. _910087 |
| 651 | 4 |
_aCastellón de la Plana- _xHistoria. _97973 |
|
| 710 | 2 |
_aCastellón de la Plana. _bAyuntamiento. _92492 |
|
| 852 |
_aES-MaACL _jC-16080 _bR.44121 |
||
| 999 |
_c146346 _d146346 |
||